000 00381nam a22001337a 4500
082 _a625.84
_bNAT
_cDonated
100 _aHRB
_943848
245 _aContinuously-Reinforced Concrete Pavement
_cHighway Research Board
260 _aWashington
_bHighway Research Board
_c1963
300 _a119.p:
526 _a0
_b0
_c0
_d625_840000000000000_NAT
650 _aMCE
_9379
942 _2ddc
_cBK
999 _c547701
_d547701